000 00852nam a22002895i 4500
001 20742902
005 20250416171822.0
008 181114s2019 nyu 000 0 eng
010 _a 2018964234
020 _a9783030057183
041 _aeng
042 _apcc
082 _a004 MIL
100 _a Milani, Fredrik
245 0 0 _aDigital Business Analysis
260 _aSwitzerland
_bSpringer International Publishing
_c2019
263 _a1903
264 1 _aNew York, NY :
_bSpringer Berlin Heidelberg,
_c2019.
300 _a429;. Pages : 24cm
336 _atext
_btxt
_2rdacontent
337 _aunmediated
_bn
_2rdamedia
338 _avolume
_bnc
_2rdacarrier
650 _aBusiness Data processing; Information Technology ; Management.
906 _a0
_bibc
_corignew
_d2
_eepcn
_f20
_gy-gencatlg
942 _cBK
999 _c43508
_d43508